000 00163nam a2200073Ia 4500
008 170817s9999 xx 000 0 und d
100 _aSINGH V.P.
245 0 _aPRYAVARAN
260 _bJYOTI PRA.AGRA
999 _c36233
_d36233